000 00437nam a2200169 a 4500
005 20140310183147.0
008 020826s19uu xx 00 eng d
020 _a0671896725
050 _aPZ 4
_b.M319 1997
100 _aMarcinko, Richard
245 _aTask force blue /
_cRichard Marcinko.
260 _aNew York ;
_bPocket Books,
_c1996
300 _a389 p. :
_c18 cm.
650 _aFiction
942 _cBK
_2lcc
999 _c19564
_d19564